000 00397 a2200157 4500
001 195042
040 _cMagnum
100 _aSANCHO, Ana Paula
240 1 0 _aA tocaia de lampião e dos seres encantados
_lpor
245 1 0 _aA tocaia de lampião e dos seres encantados
300 _a24
362 0 _a2011
440 1 _aGoverno do Estado do Ceará
697 _aLITERATURA INFANTO
942 _cBK
999 _c195042
_d195042